<?xml version="1.0" encoding="UTF-8"?><?xml-stylesheet type="text/xsl" href="static/style.xsl"?><OAI-PMH xmlns="http://www.openarchives.org/OAI/2.0/" xmlns:xsi="http://www.w3.org/2001/XMLSchema-instance" xsi:schemaLocation="http://www.openarchives.org/OAI/2.0/ http://www.openarchives.org/OAI/2.0/OAI-PMH.xsd"><responseDate>2026-04-18T00:21:41Z</responseDate><request verb="GetRecord" identifier="oai:www.recercat.cat:11351/5184" metadataPrefix="marc">https://recercat.cat/oai/request</request><GetRecord><record><header><identifier>oai:recercat.cat:11351/5184</identifier><datestamp>2025-10-24T10:57:54Z</datestamp><setSpec>com_2072_378068</setSpec><setSpec>com_2072_378040</setSpec><setSpec>col_2072_378090</setSpec></header><metadata><record xmlns="http://www.loc.gov/MARC21/slim" xmlns:dcterms="http://purl.org/dc/terms/" xmlns:xsi="http://www.w3.org/2001/XMLSchema-instance" xmlns:doc="http://www.lyncode.com/xoai" xsi:schemaLocation="http://www.loc.gov/MARC21/slim http://www.loc.gov/standards/marcxml/schema/MARC21slim.xsd">
   <leader>00925njm 22002777a 4500</leader>
   <datafield ind2=" " ind1=" " tag="042">
      <subfield code="a">dc</subfield>
   </datafield>
   <datafield ind2=" " ind1=" " tag="720">
      <subfield code="a">Prat-Vallverdú, Oriol</subfield>
      <subfield code="e">author</subfield>
   </datafield>
   <datafield ind2=" " ind1=" " tag="720">
      <subfield code="a">Quijada-Manuitt, Mª Ángeles</subfield>
      <subfield code="e">author</subfield>
   </datafield>
   <datafield ind2=" " ind1=" " tag="720">
      <subfield code="a">Morros, Rosa</subfield>
      <subfield code="e">author</subfield>
   </datafield>
   <datafield ind2=" " ind1=" " tag="720">
      <subfield code="a">Giner-Soriano, Maria</subfield>
      <subfield code="e">author</subfield>
   </datafield>
   <datafield ind2=" " ind1=" " tag="720">
      <subfield code="a">Gomez-Lumbreras, Ainhoa</subfield>
      <subfield code="e">author</subfield>
   </datafield>
   <datafield ind2=" " ind1=" " tag="720">
      <subfield code="a">Cortés, Jordi</subfield>
      <subfield code="e">author</subfield>
   </datafield>
   <datafield ind2=" " ind1=" " tag="260">
      <subfield code="c">2020-08-14T07:12:40Z</subfield>
   </datafield>
   <datafield ind2=" " ind1=" " tag="260">
      <subfield code="c">2020-08-14T07:12:40Z</subfield>
   </datafield>
   <datafield ind2=" " ind1=" " tag="260">
      <subfield code="c">2020-08-09</subfield>
   </datafield>
   <datafield ind2=" " ind1=" " tag="520">
      <subfield code="a">Atrial fibrillation; Oral anticoagulants; Adherence; Persistence; Electronic health records</subfield>
   </datafield>
   <datafield ind2=" " ind1=" " tag="520">
      <subfield code="a">Fibrilación auricular; Tratamiento anticoagulante oral; Adherencia; Persistencia; Registros electrónicos de salud</subfield>
   </datafield>
   <datafield ind2=" " ind1=" " tag="520">
      <subfield code="a">Fibril·lació auricular; Tractament anticoagulant oral; Adherència; Persistència; Registres electrònics de salut</subfield>
   </datafield>
   <datafield ind2=" " ind1=" " tag="520">
      <subfield code="a">Objective: We aimed to describe sociodemographic, comorbidities, co-medication and risk of thromboembolic events and bleeding in patients with NVAF initiating oral anticoagulants (OAC) for stroke prevention, and to estimate adherence and persistence to OAC. &#xd;
Setting: Primary Health Care (PHC) in the Catalan Health Institute (ICS), Catalunya, Spain.&#xd;
Participants: All NVAF adult patients initiating OAC for stroke prevention in August 2013---December 2015. &#xd;
Methods: Population-based cohort study. Persistence was measured in patients initiating OAC in August 2013---December 2014.&#xd;
Data source: SIDIAP, which captures electronic health records from PHC in the (ICS), covering approximately 5.8 million people.&#xd;
Results: 51,690 NVAF patients initiated OAC; 47,197 (91.3%) were naive to OAC and 32,404&#xd;
(62.7%) initiated acenocoumarol. Mean age was 72.8 years (SD 12.3) and 49.4% were  women.&#xd;
Platelet-aggregation inhibitors were taken by 9105 (17.6%) of the patients. Persistence and adherence were estimated up to the end of follow-up. For 22,075 patients, persistence was higher among the non-naive patients [n = 258 (61.7%)] than among the naive [n = 11,502 (53.1%)].&#xd;
Adherence was estimated for patients initiating DOAC and it was similar in naive and non-naive patients. Among the naive to DOAC treatment, those starting rivaroxaban showed a highest proportion [(n = 360 (80.1%)] of good adherence at implementation (MPR > 80%) while patients starting dabigatran were less adherent [n = 203 (47.8%)].&#xd;
Conclusions: Acenocoumarol was the most frequently prescribed OAC as first therapy in NVAF patients. Non-naive to DOAC showed better persistence than naive. Rivaroxaban showed higher proportion of adherent patients during the implementation phase than apixaban and dabigatran the lowest.</subfield>
   </datafield>
   <datafield ind2=" " ind1=" " tag="520">
      <subfield code="a">Objetivo: Describir datos sociodemográficos, comorbilidades, comedicaciones y riesgo de eventos tromboembólicos y hemorrágicos de los pacientes con fibrilación auricular no valvular (FANV) que inician tratamiento anticoagulante por vía oral (TAO) para prevención del ictus. Estimar adherencia y persistencia al TAO.&#xd;
Emplazamiento: Atención primaria (AP) del Instituto Catalán de Salud (ICS), Cataluña,  España.&#xd;
Participantes: Adultos con FANV que inician TAO para prevención de ictus entre agosto del 2013 y diciembre del 2015.&#xd;
Métodos: Estudio de cohortes de base poblacional. Adherencia y persistencia se midieron en pacientes que iniciaban TAO entre agosto del 2013 y diciembre del 2014.&#xd;
Fuente de datos: SIDIAP, base de datos procedentes de registros electrónicos de AP del ICS, que cubre aproximadamente una población de 5,8 millones de personas.&#xd;
Resultados: Cincuenta y un mil seiscientos noventa pacientes con FANV iniciaron TAO,&#xd;
47.197 (91,3%) eran naïve al TAO y 32.404 (62,7%) iniciaron acenocumarol. Su edad media era 72,8 años  (DE 12,3) y el 49,4% eran mujeres; 90105 (17,6%) recibían tratamiento antiagregante plaquetario. Persistencia y adherencia se estimaron hasta el final del seguimiento. La persistencia a anticoagulantes orales directos (ACOD) fue mayor en no naïve que en naïve (61,7% vs. 53,1%). La adherencia a ACOD fue similar en los 2 grupos. Entre los naïve, los pacientes que iniciaban rivaroxabán (80,1%) mostraron mayor adherencia en la implementación (MPR > 80%), mientras que los que iniciaban dabigatrán fueron menos adherentes (47,8%).&#xd;
Conclusiones: Acenocumarol fue el anticoagulante más prescrito. Los pacientes no naïve&#xd;
mostraron mejor persistencia al tratamiento que los naïve. Rivaroxabán mostró mayores tasas de adherencia que apixabán y dabigatrán, las menores.</subfield>
   </datafield>
   <datafield ind1="8" ind2=" " tag="024">
      <subfield code="a">http://hdl.handle.net/11351/5184</subfield>
   </datafield>
   <datafield tag="653" ind2=" " ind1=" ">
      <subfield code="a">Farmacoepidemiologia</subfield>
   </datafield>
   <datafield tag="653" ind2=" " ind1=" ">
      <subfield code="a">Anticoagulants (Medicina)</subfield>
   </datafield>
   <datafield tag="653" ind2=" " ind1=" ">
      <subfield code="a">Fibril·lació auricular - Tractament - Catalunya</subfield>
   </datafield>
   <datafield tag="653" ind2=" " ind1=" ">
      <subfield code="a">DISCIPLINES AND OCCUPATIONS::Natural Science Disciplines::Biological Science Disciplines::Pharmacology::Pharmacoepidemiology</subfield>
   </datafield>
   <datafield tag="653" ind2=" " ind1=" ">
      <subfield code="a">CHEMICALS AND DRUGS::Chemical Actions and Uses::Pharmacologic Actions::Therapeutic Uses::Hematologic Agents::Anticoagulants</subfield>
   </datafield>
   <datafield tag="653" ind2=" " ind1=" ">
      <subfield code="a">DISEASES::Cardiovascular Diseases::Heart Diseases::Arrhythmias, Cardiac::Atrial Fibrillation</subfield>
   </datafield>
   <datafield tag="653" ind2=" " ind1=" ">
      <subfield code="a">Other subheadings::Other subheadings::Other subheadings::/drug therapy</subfield>
   </datafield>
   <datafield tag="653" ind2=" " ind1=" ">
      <subfield code="a">Catalonia</subfield>
   </datafield>
   <datafield tag="653" ind2=" " ind1=" ">
      <subfield code="a">DISCIPLINAS Y OCUPACIONES::disciplinas de las ciencias naturales::disciplinas de las ciencias biológicas::farmacología::farmacoepidemiología</subfield>
   </datafield>
   <datafield tag="653" ind2=" " ind1=" ">
      <subfield code="a">COMPUESTOS QUÍMICOS Y DROGAS::acciones y usos químicos::acciones farmacológicas::usos terapéuticos::fármacos hematológicos::anticoagulantes</subfield>
   </datafield>
   <datafield tag="653" ind2=" " ind1=" ">
      <subfield code="a">ENFERMEDADES::enfermedades cardiovasculares::enfermedades cardíacas::arritmias cardíacas::fibrilación atrial</subfield>
   </datafield>
   <datafield tag="653" ind2=" " ind1=" ">
      <subfield code="a">Otros calificadores::Otros calificadores::Otros calificadores::/tratamiento farmacológico</subfield>
   </datafield>
   <datafield tag="653" ind2=" " ind1=" ">
      <subfield code="a">Cataluña</subfield>
   </datafield>
   <datafield ind2="0" ind1="0" tag="245">
      <subfield code="a">The use and adherence of oral anticoagulants in Primary Health Care in Catalunya, Spain: a real-world data cohort study</subfield>
   </datafield>
   <datafield ind2="0" ind1="0" tag="245">
      <subfield code="a">Uso y adherencia a los anticoagulantes orales en Atención Primaria en Cataluña, España: estudio de cohortes con datos procedentes de registros electrónicos de salud</subfield>
   </datafield>
</record></metadata></record></GetRecord></OAI-PMH>